Understanding statistics in the behavioral sciences (Record no. 7374)

MARC details
000 -LEADER
fixed length control field 00698nam a22002057a 4500
003 - CONTROL NUMBER IDENTIFIER
control field OSt
005 - DATE AND TIME OF LATEST TRANSACTION
control field 20260311054630.0
008 - FIXED-LENGTH DATA ELEMENTS--GENERAL INFORMATION
fixed length control field 260114b |||||||| |||| 00| 0 eng d
020 ## - INTERNATIONAL STANDARD BOOK NUMBER
International Standard Book Number 978-981-4227-53-7.
040 ## - CATALOGING SOURCE
Original cataloging agency DWCL-Main lib
Transcribing agency OC
082 ## - DEWEY DECIMAL CLASSIFICATION NUMBER
Edition number edition 8
Classification number Circ. 519.521 P131u 2007
100 ## - MAIN ENTRY--PERSONAL NAME
Personal name Pagano, Robert R.
245 ## - TITLE STATEMENT
Title Understanding statistics in the behavioral sciences
Statement of responsibility, etc. Pagano, Robert R.
260 ## - PUBLICATION, DISTRIBUTION, ETC.
Place of publication, distribution, etc. Singapore :
Name of publisher, distributor, etc. Thomson Learning Asia,
Date of publication, distribution, etc. c2007.
300 ## - PHYSICAL DESCRIPTION
Extent xxvi, 568 pages :
Other physical details illustration ;
Dimensions 24 cm.
504 ## - BIBLIOGRAPHY, ETC. NOTE
Bibliography, etc. note Includes index
650 ## - SUBJECT ADDED ENTRY--TOPICAL TERM
Source of heading or term 1. Psychology-Statistical methods-Textbooks.
650 ## - SUBJECT ADDED ENTRY--TOPICAL TERM
Source of heading or term 2. Psychometrics-Textbooks.
942 ## - ADDED ENTRY ELEMENTS (KOHA)
Source of classification or shelving scheme Dewey Decimal Classification
Koha item type Book Circulation
Edition edition 8
Call number prefix Circ.
Suppress in OPAC No
952 ## - LOCATION AND ITEM INFORMATION (KOHA)
--
952 ## - LOCATION AND ITEM INFORMATION (KOHA)
--
Holdings
Withdrawn status Lost status Source of classification or shelving scheme Damaged status Not for loan Home library Current library Shelving location Date acquired Source of acquisition Cost, normal purchase price Total Checkouts Full call number Barcode Date last seen Copy number Price effective from Koha item type Uniform Resource Identifier
    Dewey Decimal Classification     College Library College Library Circulation 12/04/7 School Fund 0.00   Circ. 519.521 P131u 2007 CL45423 01/14/2026 c1 01/14/2026 BK-CIRC
    Dewey Decimal Classification     College Library College Library Circulation 12/04/7 School Fund 0.00   Circ. 519.521 P131u 2007 CL44920 01/14/2026 c2 01/14/2026 BK-CIRC